00191nam a2200073Ia 4500008004100000100002600041245002200067260002800089170817s9999 xx 000 0 und d aKudesia.Umesh.Chandra 0aShiksha Prashasan bAgarwal Prakashan Agara